LEADER 01327nam 2200325z- 450 001 9910694586503321 005 20080806085828.0 035 $a(CKB)5860000000031974 035 $a(BIP)023628996 035 $a(EXLCZ)995860000000031974 100 $a20220406c2007uuuu -u- - 101 0 $aeng 200 14$aThe Raw Sewage Overflow Community Right-to-Know Act $ehearing before the Subcommittee on Water Resources and Environment of the Committee on Transportation and Infrastructure, House of Representatives, One Hundred Tenth Congress, first session, October 16, 2007 215 $a1 online resource (xii, 156 p.) $cill 311 $a0-16-081371-9 517 $aRaw Sewage Overflow Community Right-to-Know Act 606 $aSewage disposal$xLaw and legislation$zUnited States 606 $aCombined sewer overflows$xLaw and legislation$zUnited States 606 $aRunoff$xLaw and legislation$zUnited States 610 $aSewage disposal 610 $aRunoff 610 $aTechnology & engineering 610 $aScience 615 0$aSewage disposal$xLaw and legislation 615 0$aCombined sewer overflows$xLaw and legislation 615 0$aRunoff$xLaw and legislation 906 $aBOOK 912 $a9910694586503321 996 $aThe Raw Sewage Overflow Community Right-to-Know Act$93219212 997 $aUNINA